| LEADER |
00828nam0a2200205 450 |
| 001 |
16848519 |
| 010 |
|
|
|a 978-2-7560-2343-4
|b rel.
|d 10,95
|
| 100 |
|
|
|a 20121023d2026 u u0frey01 ba
|
| 101 |
0 |
|
|a fre
|
| 102 |
|
|
|a FR
|
| 200 |
0 |
|
|a Amour mortel
|f Patrick Sobral
|
| 207 |
|
1 |
|a
|
| 210 |
|
|
|a Lausanne
|b 27, rue de la Borde
|c Delcourt
|d impr. 2012
|
| 215 |
|
|
|a 1 vol. (48 p.)
|c ill. en coul., couv. ill. en coul.
|d 30 cm
|
| 225 |
1 |
|
|a Les légendaires
|v 15
|
| 330 |
|
|
|a Shimmy est inquiète : Gryf aurait dû rentrer il y a plus dune semaine. Mais voici que Gryf revient enfin, avec une surprise : sa fiancée
|
| 461 |
|
0 |
|t Les légendaires
|v 15
|
| 700 |
|
0 |
|a Sobral
|b Patrick
|c Auteur du texte
|f 1972-....
|4 70
|
| 901 |
|
|
|a Accessible au prêt
|
| 995 |
|
|
|a Bibliothèque
|c Bibliothèque
|f 024020263
|h 024020263
|k BD SOB
|o p
|q j
|r az
|e Bibliothèque
|